| 000 | 00985nam a22002177a 4500 | ||
|---|---|---|---|
| 001 | 8704 | ||
| 003 | FISKH | ||
| 005 | 20251013113410.0 | ||
| 008 | 251013b cb ||||| |||| 00| 0 eng d | ||
| 020 | _a9781849151542 | ||
| 040 |
_aFISKH _beng _cFISKH _dFISKH |
||
| 082 | _a372.7 | ||
| 100 | _aPriddy, Roger | ||
| 245 |
_aWipe & clean workbook: _bNumbers 1–20 / |
||
| 260 |
_aLondon : _bPriddy Book, _c2010. |
||
| 300 |
_a28 unnumbered pages : _bcolor illustrations ; _c30 cm |
||
| 520 | _aThis interactive early learning workbook helps young children practice counting and writing numbers from 1 to 20. Each page is laminated for repeated use with a dry-erase marker, allowing kids to trace, wipe clean, and try again. Activities focus on number recognition, counting objects, sequencing, and fine motor skill development — ideal for preschool and kindergarten learners. | ||
| 650 |
_aEarly learning, _vNumbers, _xCounting _yPreschool |
||
| 942 |
_2ddc _cBK _n0 |
||
| 999 |
_c8704 _d8704 |
||